00553cam a2200181Ia 45000010008000000030006000080050017000140080041000310400023000720820017000951000023001122450042001352600059001773000020002365000046002566100028003026500041003304155669OCoLC20180921110711.0780821s1960 cau 000 0 eng d aCSMcCSMdOCLdCBC a655.47bT46f1 aThompson, Phyllis.10aFaith by hearing /cPhyllis Thompson. aLos Angeles, Calif. :bGospel Recordings, Inc.,c1960. a64 p. ;c18 cm. a"The story of Gospel Recordings."--Cover.20aGospel Recordings, inc. 0aSound recordings in missionary work.